| 000 | 00849nam a22002537a 4500 | ||
|---|---|---|---|
| 001 | 22204 | ||
| 005 | 20260409120454.0 | ||
| 008 | 260408b |||||||| |||| 00| 0 spa d | ||
| 020 | _a9786123226671 | ||
| 041 | _aESP | ||
| 082 |
_a348.6 _bO26A |
||
| 100 | _aObregón Sevillano, Tulio | ||
| 245 | _aAplicación práctica de la legislación laboral | ||
| 250 | _aPrimera edición | ||
| 260 |
_aLima : _bInstituto Pacífico, _c2026 |
||
| 300 |
_a511 páginas : _bilustraciones, cuadros ; _c25 cm. |
||
| 440 | _a ; | ||
| 650 | _aCIS | ||
| 653 | _aDerecho; Derecho del trabajo | ||
| 654 | _aCDE | ||
| 700 | _a; | ||
| 856 |
_uhttps://0u214vrr0-y-https-app-vlex-com.itmsp.museknowledge.com/search/jurisdiction:PE/Aplicaci%C3%B3n+pr%C3%A1ctica+de+la+legislaci%C3%B3n+laboral _zVéase además: Base de datos Vlex |
||
| 942 |
_cLIB _dJUS _fMIP _n0 _2ddc |
||
| 999 |
_c22204 _d22204 |
||